Statistics for Walking across Asian borders: from South Korea to Yemen

Click here to take the quiz!

General Stats

  • This quiz has been taken 2,650 times
  • The average score is 25 of 32

Answer Stats

# LETTERS South Korea % Correct
5 5North Korea
100%
6Russia
95%
5China
93%
8Mongolia
93%
4Laos
86%
7Vietnam
86%
8Thailand
85%
8Cambodia
85%
8Pakistan
84%
5India
84%
11Afghanistan
82%
10Uzbekistan
81%
10Bangladesh
81%
5 6Saudi Arabia
79%
6 4 8United Arab Emirates
79%
4Oman
79%
5Burma
79%
4Iran
78%
4Iraq
76%
10Tajikistan
76%
6Kuwait
74%
5Syria
74%
12Turkmenistan
73%
6Israel
73%
6Jordan
73%
7Lebanon
73%
6Turkey
72%
7Armenia
72%
7Georgia
71%
10Azerbaijan
70%
10Kazakhstan
69%
10Kyrgyzstan
66%

Score Distribution

Percentile by Number Answered

Percent of People with Each Score

Your Score History

You have not taken this quiz